<?xml version="1.0" encoding="UTF-8"?>
<record
    xmlns:xsi="http://www.w3.org/2001/XMLSchema-instance"
    xsi:schemaLocation="http://www.loc.gov/MARC21/slim http://www.loc.gov/standards/marcxml/schema/MARC21slim.xsd"
    xmlns="http://www.loc.gov/MARC21/slim">

  <leader>03136nmm a22004577a 4500</leader>
  <datafield tag="999" ind1=" " ind2=" ">
    <subfield code="c">6597</subfield>
    <subfield code="d">6597</subfield>
  </datafield>
  <controlfield tag="003">OSt</controlfield>
  <controlfield tag="005">20260317133440.0</controlfield>
  <controlfield tag="008">191018e        xxu|||||o||d| 00| 0 spa d</controlfield>
  <datafield tag="020" ind1=" " ind2=" ">
    <subfield code="a">9789507277658</subfield>
  </datafield>
  <datafield tag="040" ind1=" " ind2=" ">
    <subfield code="c">PJ</subfield>
  </datafield>
  <datafield tag="245" ind1="1" ind2="0">
    <subfield code="a">Revista Laboral :</subfield>
    <subfield code="b">la mujer, el trabajo y el Derecho del Trabajo /</subfield>
    <subfield code="c">Mario E. Ackerman director.</subfield>
  </datafield>
  <datafield tag="260" ind1=" " ind2=" ">
    <subfield code="a">Santa F&#xE9; :</subfield>
    <subfield code="b">Rubinzal Culzoni,</subfield>
    <subfield code="c">2023.</subfield>
  </datafield>
  <datafield tag="300" ind1=" " ind2=" ">
    <subfield code="a">760 p.</subfield>
    <subfield code="c">22 cm.</subfield>
  </datafield>
  <datafield tag="310" ind1=" " ind2=" ">
    <subfield code="a">semestral</subfield>
  </datafield>
  <datafield tag="362" ind1=" " ind2=" ">
    <subfield code="a">No.2 (2023) </subfield>
  </datafield>
  <datafield tag="505" ind1=" " ind2=" ">
    <subfield code="t">Marco normativo en materia de igualdad de g&#xE9;nero - legislaci&#xF3;n nacional e internacional de protecci&#xF3;n integral a la mujer /</subfield>
    <subfield code="r">Gloria M. Pasten de Ishihara.</subfield>
  </datafield>
  <datafield tag="505" ind1=" " ind2=" ">
    <subfield code="t">La perspectiva de g&#xE9;nero como factor esencial para erradicar desigualdades y desarticular estereotipos - un an&#xE1;lisis jurisprudencial /</subfield>
    <subfield code="r">Gabriela Alejandra V&#xE1;zquez y Carolina Beatriz Martino.</subfield>
  </datafield>
  <datafield tag="505" ind1=" " ind2=" ">
    <subfield code="t">Desigualdad por raz&#xF3;n de g&#xE9;nero en materia de pensiones en el sistema p&#xFA;blico de seguridad social espa&#xF1;ol /</subfield>
    <subfield code="r">Teresa D&#xED;az Aznarte.</subfield>
  </datafield>
  <datafield tag="505" ind1=" " ind2=" ">
    <subfield code="t">&#x201C;Trabajo de mujeres&#x201D; en la ley de contrato de trabajo y la urgente necesidad de modificar varias de sus disposiciones anacr&#xF3;nicas /

</subfield>
    <subfield code="r"> Silvia E. Pinto Varela.</subfield>
  </datafield>
  <datafield tag="505" ind1=" " ind2=" ">
    <subfield code="t">El convenio 190 oit y su incidencia en el mundo del trabajo /</subfield>
    <subfield code="r">Mar&#xED;a Fabiana Sosa.
</subfield>
  </datafield>
  <datafield tag="505" ind1=" " ind2=" ">
    <subfield code="t">Las sentencias de la corte interamericana de derechos humanos y las mujeres /</subfield>
    <subfield code="r">Eleonora SlaviN.</subfield>
  </datafield>
  <datafield tag="505" ind1=" " ind2=" ">
    <subfield code="t">Discriminaci&#xF3;n de las mujeres en el ingreso al puesto de trabajo /</subfield>
    <subfield code="r">Viviana Mariel Dobarro.</subfield>
  </datafield>
  <datafield tag="505" ind1=" " ind2=" ">
    <subfield code="t">Protecci&#xF3;n del matrimonio - situaci&#xF3;n de la mujer, el var&#xF3;n y las diversidades sexo-gen&#xE9;ricas /</subfield>
    <subfield code="r">r Liliana Hebe Litterio.</subfield>
  </datafield>
  <datafield tag="505" ind1=" " ind2=" ">
    <subfield code="t">Trabajo no remunerado /</subfield>
    <subfield code="r">Mar&#xED;a Isabel Sforsini.</subfield>
  </datafield>
  <datafield tag="505" ind1=" " ind2=" ">
    <subfield code="t">Pol&#xED;ticas p&#xFA;blicas y privadas de conciliaci&#xF3;n del trabajo /</subfield>
    <subfield code="r">Victoria Bursztyn.</subfield>
  </datafield>
  <datafield tag="505" ind1=" " ind2=" ">
    <subfield code="t">Teletrabajo y tareas de cuidado /</subfield>
    <subfield code="r">Leticia Celli.</subfield>
  </datafield>
  <datafield tag="505" ind1=" " ind2=" ">
    <subfield code="t">Cuidar a quienes cuidan: que los que esperan no cuenten las horas - las guarder&#xED;as en los lugares de trabajo. normativa vigente y jurisprudencia /</subfield>
    <subfield code="r">Itat&#xED; Demarchi Arballo.</subfield>
  </datafield>
  <datafield tag="505" ind1=" " ind2=" ">
    <subfield code="t">Tareas de cuidado. abordaje desde la protecci&#xF3;n social /</subfield>
    <subfield code="r">Silvina Ver&#xF3;nica Arcaro.</subfield>
  </datafield>
  <datafield tag="505" ind1=" " ind2=" ">
    <subfield code="t">Estado actual de la normativa referida a la maternidad. reformas necesarias /</subfield>
    <subfield code="r"> Natalia Daniela Gonz&#xE1;lez Boarini.</subfield>
  </datafield>
  <datafield tag="505" ind1=" " ind2=" ">
    <subfield code="t">La negociaci&#xF3;n colectiva tiene g&#xE9;nero /</subfield>
    <subfield code="r">Mar&#xED;a Martha Terragno.</subfield>
  </datafield>
  <datafield tag="505" ind1=" " ind2=" ">
    <subfield code="t">La sindicalizaci&#xF3;n de las mujeres trabajadoras sexuales - el derecho de sindicalizaci&#xF3;n de la asociaci&#xF3;n de mujeres meretrices argentinas (ammar) /</subfield>
    <subfield code="r">Yanina Paola Duzevich.</subfield>
  </datafield>
  <datafield tag="505" ind1=" " ind2=" ">
    <subfield code="t">La participaci&#xF3;n de las mujeres en el &#xE1;mbito sindical /</subfield>
    <subfield code="r">Mirna Lozano Bosch.</subfield>
  </datafield>
  <datafield tag="505" ind1=" " ind2=" ">
    <subfield code="t">Sumarios y sistematizaci&#xF3;n de fallos /</subfield>
    <subfield code="r">Diego Guirado - Colaboradora: Itat&#xED; Demarchi Arballo.</subfield>
  </datafield>
  <datafield tag="650" ind1=" " ind2="0">
    <subfield code="9">1316</subfield>
    <subfield code="a">DERECHO LABORAL</subfield>
  </datafield>
  <datafield tag="650" ind1=" " ind2="0">
    <subfield code="9">1487</subfield>
    <subfield code="a">TRABAJO DE MUJERES</subfield>
  </datafield>
  <datafield tag="650" ind1=" " ind2="0">
    <subfield code="9">4044</subfield>
    <subfield code="a">PERSPECTIVA DE G&#xC9;NERO</subfield>
  </datafield>
  <datafield tag="650" ind1=" " ind2="0">
    <subfield code="9">1577</subfield>
    <subfield code="a">DISCRIMINACION LABORAL</subfield>
  </datafield>
  <datafield tag="700" ind1=" " ind2=" ">
    <subfield code="9">1423</subfield>
    <subfield code="a">Ackermann, Mario Eduardo</subfield>
    <subfield code="e">director</subfield>
  </datafield>
  <datafield tag="856" ind1=" " ind2=" ">
    <subfield code="u">https://www.rubinzal.com.ar/revistas/revista-de-derecho-laboral/5/?menupc=1</subfield>
    <subfield code="y">Revista Derecho Laboral </subfield>
  </datafield>
  <datafield tag="942" ind1=" " ind2=" ">
    <subfield code="2">udc</subfield>
    <subfield code="c">PP</subfield>
  </datafield>
  <datafield tag="952" ind1=" " ind2=" ">
    <subfield code="0">0</subfield>
    <subfield code="1">0</subfield>
    <subfield code="2">udc</subfield>
    <subfield code="4">0</subfield>
    <subfield code="7">0</subfield>
    <subfield code="a">DJS</subfield>
    <subfield code="b">DJS</subfield>
    <subfield code="d">2026-03-17</subfield>
    <subfield code="p">6596</subfield>
    <subfield code="r">2026-03-17</subfield>
    <subfield code="w">2026-03-17</subfield>
    <subfield code="y">PP</subfield>
  </datafield>
</record>
